000 00646nam a22001937a 4500
999 _c197383
_d197383
005 20230822152948.0
010 _aUR-12156
020 _a9788119035649
_c350.00
035 _aU-10711
037 _bDBAD/PUB
082 _a841
100 _aیونس ڈار
245 _aاردو غزل کا فکر یاتی منظر نامہ /
_cیونس ڈار
246 _aUrdu Ghazal ka Fikaryati Manzarnama /
_bby Younis Dar
260 _aNew Delhi
_bEducational Publishing House
_c2023 ء
270 _aH.O. D1/16, Ansari Road, Darya Ganj
_bNew Delhi
_e110002
300 _a220 ص
_c23cm(Hb)
942 _2ddc
_cUR
_mی و ن
_e
_h841